000 03176nam a22002657a 4500
003 Uzh_bibl
008 260421b |||||||| |||| 00| 0 ukr d
020 _a978-966-10-5789-9
_c164.25
040 _bукр.
041 _2rus
_aukr
080 _a51
090 _a51
_bП 27
100 _aПерельман, Яків
245 _aЖива математика.
_cПер. з рос. за ред. В.О. Тадеєва
_hТекст
260 _aТернопіль
_bНавчальна книга-Богдан
_c2019
300 _a240 с.
_bІл.
_fВ опр.
490 _aКласики популяризації науки
520 _aКнига «Жива математика» всесвітньо відомого популяризатора науки Я.І. Перельмана написана однією з останніх у його серії книг, присвячених захоплюючій науці. Однак після цього вона розглядалася автором як своєрідний вступ до цих книг. Складаючись з великої кількості різнорідних головоломок, цікавих оповідок та практичних порад, що мають математичну основу, книга відкриває завісу до деяких універсальних методів міркувань, характерних для математики як науки. Для читання книги не передбачається жодної спеціальної підготовки. Розв’язання багатьох головоломок під силу кмітливим учням навіть початкової школи, хоча над деякими з них може замислитися і знаний науковець. Книга перекладалася багатьма мовами світу, у тому числі й українською. Новий переклад на українську мову усуває прогалини попередніх, зокрема, в ньому в повному обсязі відновлюється авторський зміст за прижиттєвими виданнями та дбайливіше відображаються стилістичні особливості сталих україномовних конструкцій. Книга розрахована на усіх, хто полюбляє інтелектуальні розваги у години дозвілля. Особливо буде корисною для учнів, які дбають про розвиток своєї математичної кмітливості та розширення запасу математичних знань.
521 _aДля широкого кола читачів
546 _aукр.
650 _aНавчальне видання
653 _aМатематика в іграх.
_aГоловоломки.
_aЧисла велетні.
655 _aМатематика
_vПосібник
942 _2udc
_cBK
999 _c17420
_d17420